<?xml version="1.0" encoding="UTF-8"?>
<marc:record xmlns:marc="http://www.loc.gov/MARC21/slim">
   <marc:leader>00000nam a2200000 a 4500</marc:leader>
   <marc:datafield ind1="1" ind2=" " tag="100">
      <marc:subfield code="a">Meuth, Martina</marc:subfield>
      <marc:subfield code="4">aut</marc:subfield>
      <marc:subfield code="e">Verfasser/-in</marc:subfield>
   </marc:datafield>
   <marc:datafield ind1="1" ind2=" " tag="100">
      <marc:subfield code="a">Neuner-Duttenhofer, "Moritz" Bernd</marc:subfield>
      <marc:subfield code="4">aut</marc:subfield>
      <marc:subfield code="e">Verfasser/-in</marc:subfield>
   </marc:datafield>
   <marc:datafield ind1=" " ind2=" " tag="653">
      <marc:subfield code="a">Was koche ich heute</marc:subfield>
   </marc:datafield>
   <marc:datafield ind1=" " ind2=" " tag="653">
      <marc:subfield code="a">schnelle Gerichte</marc:subfield>
   </marc:datafield>
   <marc:datafield ind1=" " ind2=" " tag="653">
      <marc:subfield code="a">Martina und Moritz</marc:subfield>
   </marc:datafield>
   <marc:datafield ind1=" " ind2=" " tag="653">
      <marc:subfield code="a">Kochen mit Martina und Moritz</marc:subfield>
   </marc:datafield>
   <marc:datafield ind1=" " ind2=" " tag="653">
      <marc:subfield code="a">leckere Gerichte</marc:subfield>
   </marc:datafield>
   <marc:datafield ind1=" " ind2=" " tag="653">
      <marc:subfield code="a">einfache Rezepte</marc:subfield>
   </marc:datafield>
   <marc:datafield ind1=" " ind2=" " tag="653">
      <marc:subfield code="a">Rezept des Tages</marc:subfield>
   </marc:datafield>
   <marc:datafield ind1=" " ind2=" " tag="653">
      <marc:subfield code="a">Rezepte von Martina und Moritz</marc:subfield>
   </marc:datafield>
   <marc:datafield ind1=" " ind2=" " tag="653">
      <marc:subfield code="a">WDR Rezepte</marc:subfield>
   </marc:datafield>
   <marc:datafield ind1=" " ind2=" " tag="653">
      <marc:subfield code="a">Softcover / Ratgeber/Essen</marc:subfield>
   </marc:datafield>
   <marc:datafield ind1=" " ind2=" " tag="653">
      <marc:subfield code="a">Trinken/Themenkochbücher</marc:subfield>
   </marc:datafield>
   <marc:datafield ind1="0" ind2="0" tag="245">
      <marc:subfield code="a">Kochen mit Martina und Moritz – Schnell + einfach</marc:subfield>
   </marc:datafield>
   <marc:datafield ind1="0" ind2="0" tag="245">
      <marc:subfield code="b">= einfach gut! : Unsere persönlichen Lieblingsrezepte</marc:subfield>
   </marc:datafield>
   <marc:datafield ind1="0" ind2="0" tag="245">
      <marc:subfield code="c">Martina Meuth, "Moritz" Bernd Neuner-Duttenhofer</marc:subfield>
   </marc:datafield>
   <marc:datafield ind1=" " ind2="1" tag="264">
      <marc:subfield code="a">Hilden</marc:subfield>
      <marc:subfield code="b">Becker Joest Volk Verlag</marc:subfield>
      <marc:subfield code="c">2021</marc:subfield>
   </marc:datafield>
   <marc:datafield ind1=" " ind2=" " tag="250">
      <marc:subfield code="a">1. Auflage 2021</marc:subfield>
   </marc:datafield>
   <marc:datafield ind1="1" ind2=" " tag="520">
      <marc:subfield code="a">Angaben aus der Verlagsmeldung

Kochen mit Martina und Moritz – Schnell + einfach = einfach gut! : Unsere persönlichen Lieblingsrezepte

Schnell + einfach = einfach gut!

Auch wenn mal die Zeit knapp ist, soll was Gutes auf den Tisch! Schnell und einfach ist einfach gut, finden deswegen die WDR-Fernsehköche Martina und Moritz. Sie versprechen: In 15 bis 30 Minuten ist das Essen fertig, pfiffig, köstlich und mühelos zubereitet. Das beginnt beim einfachen Einkauf, der sich dank gängiger Zutaten auf dem Heimweg erledigen lässt oder manchmal sogar ganz entfallen kann, weil man sowieso alles im Haus hat.

Im Buch zeigen die beiden neue Rezepte für Pasta und Gerichte aus dem Wok, die immer ideal für eine schnelle Mahlzeit sind, Schnuckeliges für eine Person, aber auch Ideen, wie man in einer halben Stunde ein richtig gutes Essen für Gäste auf den Tisch zaubert! Sie zeigen die Vorzüge des Schnellkochtopfs und packen Zutaten einfach aufs Blech; der Backofen übernimmt den Rest.

Und am Ende gibt’s natürlich auch schnelle Desserts, sogar Gebäcke, die zwar Zeit zum Abkühlen, Festwerden oder Backzeit im Ofen brauchen, aber – versprochen – absolut mühelos und im Handumdrehen zubereitet sind.

Wie immer verraten die beiden ihre besten Tipps und Tricks und liefern Grundrezepte für originelle Basis-Zutaten, mit denen das einfachste schnelle Gericht verzaubert werden kann: Brühen, besondere Würzöle, Würzmischungen, Dips und köstliche Dressings.

</marc:subfield>
   </marc:datafield>
   <marc:datafield ind1=" " ind2=" " tag="020">
      <marc:subfield code="a">9783954532155</marc:subfield>
      <marc:subfield code="9">9783954532155</marc:subfield>
   </marc:datafield>
   <marc:datafield ind1=" " ind2=" " tag="020">
      <marc:subfield code="a">3954532158</marc:subfield>
      <marc:subfield code="9">3954532158</marc:subfield>
   </marc:datafield>
   <marc:datafield ind1=" " ind2=" " tag="041">
      <marc:subfield code="a">ger</marc:subfield>
   </marc:datafield>
   <marc:datafield ind1=" " ind2=" " tag="300">
      <marc:subfield code="a">192 Seiten</marc:subfield>
   </marc:datafield>
</marc:record>
